Statistics for William Shatner Quiz

Click here to take the quiz!

General Stats

  • This quiz has been taken 17 times
  • The average score is 6 of 10

Answer Stats

Hint Answer % Correct
played Captain James T Kirk on this TV seriesStar Trek
100%
Boston Legal
86%
co-stared as beauty pageant host in this Sandra Bullock movie (2000)Miss Congeniality
71%
born in this Canadian city on March 22, 1931Montreal
64%
appeared in "Nightmare at 20,000 Feet" episode of this sci-fi anthology seriesThe Twilight Zone
64%
played the title police officer on this TV series (1982-1986)T J Hooker
64%
participated in first interracial TV kiss (1968) with this actress/characterNichelle Nichols / Lt. Uhura
57%
graduated in 1952 from this university thereMcGill
36%
appeared as the "big giant head" on this TV comedy series (1999-2000)3rd Rock From The Sun
36%
won Emmys playing lawyer Denny Crane in this TV legal drama and in this spinoffThe Practice
21%

Score Distribution

Percentile by Number Answered

Percent of People with Each Score

Your Score History

You have not taken this quiz